| 000 | 00891nam a2200325 a 4500 | ||
|---|---|---|---|
| 003 | AR-BaBNM | ||
| 005 | 20251128205059.0 | ||
| 008 | 082120s2002 ||||||||||||||000 | spa|| | ||
| 020 | _a950-602-179-1 | ||
| 040 | _cAR-BaBNM | ||
| 100 | 1 | _aPortantiero, Juan Carlos | |
| 245 | 0 | 0 |
_aLa producción de un orden _bensayos sobre la democracia entre el estado y la sociedad |
| 260 |
_aBuenos Aires _bNueva Visión _c1988 |
||
| 300 | _a190 p. | ||
| 490 | 0 | _aCultura y sociedad | |
| 504 | _aContiene bibliografía | ||
| 600 | 1 | 4 | _aGramsci, Antonio |
| 600 | 1 | 4 | _aHabermas, J. |
| 600 | 1 | 4 | _aPaggi, L. |
| 650 | 4 | _aSOCIOLOGIA | |
| 650 | 4 | _aCIENCIAS POLITICAS | |
| 650 | 4 | _aSOCIOLOGIA POLITICA | |
| 650 | 4 | _aSOCIALISMO | |
| 650 | 4 | _aDEMOCRACIA | |
| 650 | 4 | _aCAMBIO SOCIAL | |
| 651 | 4 | _aAmérica Latina | |
| 800 | 1 |
_aAltamirano, Carlos _edirector |
|
| 942 | _cBK | ||
| 998 | _cEnrique | ||
| 999 |
_c9905 _d9905 |
||